000 00357nam a2200133Ia 4500
008 230524s9999 xx 000 0 und d
020 _a9788190489812
100 _aGagan Jain
_936668
245 0 _aWorld Famous Great Speeches
260 _bThree Ess Publications
500 _aQuantity Number: 1
650 _aPersonality Development
_936669
942 _cBK
999 _c50695
_d50695